000 00272nam a22001337a 4500
003 SGT
082 _a712
_bCRO
100 _aCROWE SYVIA
245 _aTOMORROW'S LANDSCAPE
260 _aLONDAN
_bTAP PUBLICATION
_c1956
300 _a207
650 _aAG
942 _2ddc
_cRARE
999 _c33692
_d33692